Security self-assessment guide for information technology systems /

Bibliographic Details
Main Author: Swanson, Marianne
Corporate Author: National Institute of Standards and Technology (U.S.)
Format: Government Document eBook
Language:English
Published: [Gaithersburg, Md.] : U.S. Dept. of Commerce, Technology Administration, National Institute of Standards and Technology : [2001]
Series:NIST special publication ; 800-26.
NIST special publication. Computer security.
Subjects:
Online Access:Text version:
PDF version:

MARC

Tag First Indicator Second Indicator Subfields
LEADER 00000cam a2200000 a 4500
001 in00002205921
005 20220105185012.0
006 m d f
007 cr mn|||||||||
008 060725s2001 mdua sbu f000 0 eng c
035 |a (OCoLC)ocm70688808 
037 |a 003-003-03721-4  |b GPO 
040 |a GPO  |c GPO  |d MvI  |d UtOrBLW 
042 |a pcc 
043 |a n-us--- 
049 |a WWW 
074 |a 0247 (online) 
086 0 |a C 13.10:800-26 
100 1 |a Swanson, Marianne. 
245 1 0 |a Security self-assessment guide for information technology systems /  |c Marianne Swanson. 
246 3 |a Security self assessment guide for information technology systems 
264 1 |a [Gaithersburg, Md.] :  |b U.S. Dept. of Commerce, Technology Administration, National Institute of Standards and Technology :  |c [2001] 
264 2 |a [Gaithersburg, Md.] :  |b For sale by the Supt. of Docs., U.S. G.P.O., 
300 |a 1 volume (various pagings) :  |b digital, PDF file. 
336 |a text  |b txt  |2 rdacontent 
337 |a computer  |b c  |2 rdamedia 
338 |a online resource  |b cr  |2 rdacarrier 
490 1 |a NIST special publication ;  |v 800-26.  |a Computer security 
500 |a "November 2001." 
500 |a Title from title screen (viewed on July 24, 2006). 
500 |a G.P.O. sales statement incorrect in publication. 
504 |a Includes bibliographical references. 
538 |a Mode of access: Internet from NIST web site. Address as of 5/8/07: http://csrc.nist.gov/publications/nistpubs/800-26/sp800-26.doc (text version), http://csrc.nist.gov/publications/nistpubs/800-26/sp800-26.pdf (PDF version); current access available via PURL. 
500 |a Electronic resource. 
650 0 |a Computer security  |x Standards  |z United States. 
650 0 |a Data protection. 
650 0 |a Information technology  |x Security measures. 
776 0 |a Swanson, Marianne  |t Security self-assessment guide for information technology systems  |h 1 v. (various pagings)  |w (OCoLC)49002127 
710 2 |a National Institute of Standards and Technology (U.S.) 
830 0 |a NIST special publication ;  |v 800-26. 
830 0 |a NIST special publication.  |p Computer security. 
856 4 0 |3 Text version:  |u http://csrc.nist.gov/publications/nistpubs/800-26/sp800-26.doc  |t 0 
856 4 0 |3 PDF version:  |u https://purl.fdlp.gov/GPO/LPS72077  |t 0 
999 |a MARS 
999 f f |s 0d94e5c8-8338-3b5f-a6e6-89e0af44ef4f  |i 37be3d39-488c-34ac-9ddb-28d1a3d68f00  |t 0 
952 f f |a Texas A&M University  |b College Station  |c Electronic Resources  |d Available Online  |t 0  |e C 13.10:800-26  |h Superintendent of Documents classification 
998 f f |a C 13.10:800-26  |t 0  |l Available Online